[Event "2022 Standard Chess Dropout Tournament, Round 1"]
[Site "SchemingMind.com"]
[Date "2021.12.29"]
[Round "1"]
[White "Raymond de Kemp"]
[Black "lawyertheologian"]
[Result "0-1"]
[WhiteCountry "NED"]
[BlackCountry "USA"]
[WhiteElo "1797"]
[WhiteRD "61"]
[BlackElo "2027"]
[BlackRD "87"]
[GameID "718849"]

1. f4 e5 2. fxe5 d6 3. exd6 Bxd6 4. Nf3 Nf6 5. Nc3 Ng4 6. g3 h5 7. Ne4 h4 8. Nxd6+ Qxd6 9. gxh4 Nc6 10. d3 Nge5
11. Bg2 Nxf3+ 12. Bxf3 Rxh4 13. c3 Bd7 14. Be3 Rxh2 15. Rg1 Ne5 16. Bh1 Qf6 17. Kd2 O-O-O 18. Bg5 Nc4+ 19. Kc1 Qb6 20. b3 Re8
21. bxc4 Rexe2 22. Rb1 Rb2
0-1

[Event "2022 Standard Chess Dropout Tournament, Round 1"]
[Site "SchemingMind.com"]
[Date "2022.01.01"]
[Round "1"]
[White "Robert Hatfield"]
[Black "Andrew Burruss"]
[Result "1/2-1/2"]
[WhiteCountry "USA"]
[BlackCountry "USA"]
[WhiteElo "1755"]
[WhiteRD "61"]
[BlackElo "1469"]
[BlackRD "121"]
[GameID "718850"]

1. c4 e6 2. e4 d5 3. exd5 exd5 4. d4 dxc4 5. Bxc4 Bb4+ 6. Nc3 Qe7+ 7. Qe2 Qxe2+ 8. Nxe2 Nf6 9. O-O O-O 10. Bf4 Bd6
11. Bxd6 cxd6 12. Nd5 Nxd5 13. Bxd5 Na6 14. a3 Nc7 15. Bf3 d5 16. Nc3 Be6 17. h3 Rad8 18. Rac1=
1/2-1/2

[Event "2022 Standard Chess Dropout Tournament, Round 1"]
[Site "SchemingMind.com"]
[Date "2021.12.28"]
[Round "1"]
[White "ROYALSPUR"]
[Black "Artmagic"]
[Result "1-0"]
[WhiteCountry "PER"]
[BlackCountry "ENG"]
[WhiteElo "1059"]
[WhiteRD "102"]
[BlackElo "942"]
[BlackRD "134"]
[GameID "718852"]

1. e4 e5 2. Bc4 d6 3. Nf3 Nc6 4. h3 Nf6 5. Nc3 Be7 6. a3 O-O 7. d3 Be6 8. Bxe6 fxe6 9. Bg5 h6 10. Bxf6 Bxf6
11. b4 b6 12. O-O g5 13. Nh2 Qe8 14. Ng4 h5 15. Nxf6+ Rxf6 16. Ne2 d5 17. Ng3 Nd4 18. Nxh5 Rf4 19. Nxf4 gxf4 20. Qg4+ Kf7
21. Qh5+ Ke7 22. Qg5+ Kf8 23. Qf6+ Qf7 24. Qh8+ Qg8 25. Qxg8+ Kxg8 26. Rfe1 Rf8 27. Rac1 c5 28. f3 cxb4 29. axb4 Nb5 30. Kh2 Nc3
31. Ra1 d4 32. Rxa7
1-0

[Event "2022 Standard Chess Dropout Tournament, Round 1"]
[Site "SchemingMind.com"]
[Date "2021.12.29"]
[Round "1"]
[White "Stephen Dunning"]
[Black "John C. Walton"]
[Result "1/2-1/2"]
[WhiteCountry "WLS"]
[BlackCountry "USA"]
[WhiteElo "2036"]
[WhiteRD "85"]
[BlackElo "2592"]
[BlackRD "95"]
[GameID "718853"]

1. d4 Nf6 2. c4 g6 3. Nc3 d5 4. cxd5 Nxd5 5. e4 Nxc3 6. bxc3 Bg7 7. Bc4 c5 8. Nf3 O-O 9. h3 Nc6 10. Be3 cxd4
11. cxd4 Qa5+ 12. Bd2 Qa3 13. Rb1 Nxd4 14. Bb4 Nxf3+ 15. Ke2 Nd4+ 16. Kf1 Be6 17. Bxa3 Bxc4+ 18. Kg1 Rfd8 19. Kh2 Be5+ 20. g3 Be2
21. Qc1 Rac8 22. Qe3 Rc3 23. Qxc3 Nf3+ 24. Qxf3 Bxf3 25. Rhf1 Rd7 26. Bb2 Bxb2 27. Rxb2 Bxe4 28. Re1=
1/2-1/2

[Event "2022 Standard Chess Dropout Tournament, Round 1"]
[Site "SchemingMind.com"]
[Date "2022.01.01"]
[Round "1"]
[White "Shanks"]
[Black "Brerrabbit"]
[Result "0-1"]
[WhiteCountry "ENG"]
[BlackCountry "SCO"]
[WhiteElo "1214"]
[WhiteRD "69"]
[BlackElo "1327"]
[BlackRD "79"]
[GameID "718854"]

1. d4 d5 2. Nf3 Nc6 3. c3 g6 4. Nbd2 Bf5 5. g3 Bg7 6. Bg2 e5 7. O-O Nge7 8. Nh4 Qd7 9. Nxf5 Nxf5 10. e3 O-O-O
11. a4 h5 12. h4 Bf6 13. Rb1 g5 14. b4 gxh4 15. g4 hxg4 16. Qxg4 Rdg8 17. Qh3 Nxe3 18. Qxd7+ Kxd7 19. fxe3 Be7 20. b5 Na5
21. dxe5 h3 22. Rf2 Bh4 23. Rxf7+ Ke6 24. Rf2 Bxf2+ 25. Kxf2 hxg2 26. Ke2 g1=Q 27. Kd3 Rh3 28. Kc2 Qxe3 29. Bb2 Rg2 30. Rd1 Qe4+
31. Kc1 Nb3+ 32. Nxb3 Qc2#
0-1

[Event "2022 Standard Chess Dropout Tournament, Round 1"]
[Site "SchemingMind.com"]
[Date "2021.12.27"]
[Round "1"]
[White "southpolarice"]
[Black "pjl1015"]
[Result "0-1"]
[WhiteCountry "AUS"]
[BlackCountry "USA"]
[WhiteElo "2035"]
[WhiteRD "101"]
[BlackElo "2444"]
[BlackRD "112"]
[GameID "718855"]

1. d4 e6 2. e4 d5 3. Nd2 c5 4. exd5 exd5 5. Ngf3 Nf6 6. Bb5+ Bd7 7. Bxd7+ Nbxd7 8. O-O Be7 9. dxc5 Nxc5 10. Nd4 O-O
11. Nf5 Re8 12. Nxe7+ Rxe7 13. Nb3 Qc7 14. Nxc5 Qxc5 15. Be3 Qc6 16. c3 Rae8 17. Qf3 Ne4 18. Rfd1 Qb5 19. Rab1 b6 20. Rdc1 Qc4
21. a3 Nd6 22. b3 Qd3 23. Rd1 Qxc3 24. Rxd5 Ne4 25. h3 Qc2 26. Rbd1 Qxb3 27. R5d3 Qe6 28. Bd4 h6 29. Re3 Qc4 30. h4 f6
31. g3 Qc2 32. Rde1 f5 33. R3e2 Qc4 34. Be3 Qd5 35. Qf4 Nc5 36. Rd2 Nd3 37. Qa4 f4 38. gxf4 Re6 39. Red1 Rg6+ 40. Kf1 Rxe3
0-1

[Event "2022 Standard Chess Dropout Tournament, Round 1"]
[Site "SchemingMind.com"]
[Date "2021.12.28"]
[Round "1"]
[White "splinter"]
[Black "Raymond de Kemp"]
[Result "1-0"]
[WhiteCountry "CAN"]
[BlackCountry "NED"]
[WhiteElo "1829"]
[WhiteRD "81"]
[BlackElo "1820"]
[BlackRD "63"]
[GameID "718856"]

1. c4 Nf6 2. Nc3 g6 3. g3 Bg7 4. Bg2 O-O 5. Nf3 Nc6 6. O-O e5 7. d3 d6 8. Bg5 h6 9. Bd2 Ne7 10. Qc1 g5
11. h4 g4 12. Nh2 h5 13. f4 exf4 14. Bxf4 c6 15. Bh6 Bxh6 16. Qxh6 Ng6 17. Ne4 Nh7 18. Qxh5 Kg7 19. Nxg4 Bxg4 20. Qxg4 Kh8
21. Qh5 Kg7 22. Qg4 Kh8 23. Rf5 Rg8 24. Qh5 Kg7 25. Raf1 f6 26. Ng5
1-0

[Event "2022 Standard Chess Dropout Tournament, Round 1"]
[Site "SchemingMind.com"]
[Date "2021.12.29"]
[Round "1"]
[White "spoke"]
[Black "Robert Hatfield"]
[Result "1/2-1/2"]
[WhiteCountry "GER"]
[BlackCountry "USA"]
[WhiteElo "1741"]
[WhiteRD "71"]
[BlackElo "1777"]
[BlackRD "60"]
[GameID "718857"]

1. e4 e6 2. d4 d5 3. Nd2 c5 4. Ngf3 Nc6 5. Bb5 a6 6. Bxc6+ bxc6 7. O-O Nf6 8. dxc5 Bxc5 9. Nb3 Nxe4 10. Nxc5 Nxc5
11. Be3 Ne4 12. c4 O-O 13. cxd5 cxd5 14. Nd2 Bb7 15. Nxe4 dxe4 16. Qg4 Qf6 17. b3 Bd5 18. Rfd1 Rac8 19. Rac1 Qg6 20. Qf4 h6
21. Bc5 Rfd8 22. Be7 Re8 23. Bd6 e3 24. f3 e2 25. Re1 Rc2 26. Qe3 Rec8 27. Rxc2 Rxc2 28. Rxe2 Rxa2 29. b4 Qb1+ 30. Kf2 Ra1
31. Re1 Qxe1+ 32. Qxe1 Rxe1 33. Kxe1 f6 34. Kf2 Kf7 35. h4 g6 36. f4 h5 37. g3 Ke8=
1/2-1/2

[Event "2022 Standard Chess Dropout Tournament, Round 1"]
[Site "SchemingMind.com"]
[Date "2021.12.28"]
[Round "1"]
[White "superlychee"]
[Black "Jari Laine"]
[Result "1/2-1/2"]
[WhiteCountry "GER"]
[BlackCountry "FIN"]
[WhiteElo "1952"]
[WhiteRD "110"]
[BlackElo "2474"]
[BlackRD "83"]
[GameID "718858"]

1. e4 c5 2. Nf3 d6 3. d4 cxd4 4. Nxd4 Nf6 5. Nc3 e6 6. g4 h6 7. Rg1 Nc6 8. Be3 Be7 9. Qe2 Nxd4 10. Bxd4 e5
11. Be3 Be6 12. O-O-O Rc8 13. Qb5+ Nd7 14. Nd5 Bg5 15. Qxb7 O-O 16. Kb1 Bxd5 17. Qxd5 Bxe3 18. fxe3 Qc7 19. c3 Rb8 20. Ka1 Rfd8
21. Qd2 Nc5 22. Qc2 Qb7 23. Rg2 a5 24. Rd5 Qc6 25. Bc4 Na4 26. b3 Nc5 27. Rgd2 g6 28. h4 Kg7 29. h5 g5 30. Rf2 Rd7
31. Rfd2 Rdd8 32. Rf2 Rd7 33. Rfd2 Rdd8
1/2-1/2

[Event "2022 Standard Chess Dropout Tournament, Round 1"]
[Site "SchemingMind.com"]
[Date "2021.12.29"]
[Round "1"]
[White "The Chess Machine"]
[Black "Dan Geana"]
[Result "1/2-1/2"]
[WhiteCountry "ENG"]
[BlackCountry "ROU"]
[WhiteElo "2542"]
[WhiteRD "81"]
[BlackElo "2612"]
[BlackRD "119"]
[GameID "718860"]

1. d4 Nf6 2. c4 g6 3. Nc3 d5 4. Nf3 Bg7 5. Qb3 dxc4 6. Qxc4 O-O 7. e4 a6 8. e5 b5 9. Qb3 Nfd7 10. e6 fxe6
11. Be3 Nf6 12. a4 b4 13. Qxb4 Nc6 14. Qa3 Qd6 15. Bc4 Nb4 16. Qb3 Bb7 17. Bxe6+ Kh8 18. O-O Bxf3 19. gxf3 Rab8 20. Ne4 Nxe4
21. fxe4 Bxd4 22. Bxd4+ Qxd4 23. Rad1 Qxe4 24. Qc3+ Rf6 25. Rfe1 Qf4 26. f3 Qxf3 27. Qxf3 Rxf3 28. Bc4 Nc6 29. Bd5 Rf6 30. Bxc6 Rxc6
31. Rxe7 Rd6 32. Rxd6 cxd6 33. Ra7 Rxb2 34. Rxa6 Rd2 35. Ra7=
1/2-1/2

[Event "2022 Standard Chess Dropout Tournament, Round 1"]
[Site "SchemingMind.com"]
[Date "2021.12.30"]
[Round "1"]
[White "thefriediceman"]
[Black "krzysztof"]
[Result "1-0"]
[WhiteCountry "USA"]
[BlackCountry "POL"]
[WhiteElo "2013"]
[WhiteRD "151"]
[BlackElo "1466"]
[BlackRD "78"]
[GameID "718861"]

1. e4 e5 2. Nc3 Nf6 3. g3 Nc6 4. Bg2 Bc5 5. Nge2 d6 6. O-O Bg4 7. h3 Be6 8. d3 Nd4 9. Kh2 h5 10. f4 h4
11. g4 Nxg4+ 12. hxg4 Bxg4 13. a3 h3 14. Bh1 a5 15. Qd2 b5 16. Nxd4 Bxd4 17. Nxb5 Bb6 18. f5 c6 19. Nc3 Bh5 20. Bf3 Ra7
21. Qg5 Qxg5 22. Bxg5 f6 23. Bd2 g6 24. fxg6 Bxg6 25. Bg4 Bd8 26. Be1 Rg7 27. Rg1 Kf7 28. Bf2 Rgh7 29. Rae1 Ke7 30. Re3 Bf7
31. Bf5 Rh5 32. Rf3 Rg8 33. Rxg8 Bxg8 34. Rxh3 Bf7 35. Rxh5 Bxh5 36. Kg3 Kf7 37. Bg4 Bg6 38. Kf3 Bc7 39. Na4 d5 40. Bb6 Bxb6
41. Nxb6 dxe4+ 42. dxe4 Ke7 43. Nc4 a4 44. Nb6 Kd6 45. Nxa4 Bf7 46. b3 c5 47. Ke3 Kc6 48. Kd3 Be8 49. Be6 Kd6 50. Bc4 Bd7
51. Nb6 Be8 52. Nd5 f5 53. exf5 Bc6 54. Nc3 Bd7 55. Nb5+ Ke7 56. Ke4 Kf6 57. Nd6 Bc6+ 58. Bd5 Bxd5+ 59. Kxd5 e4 60. Kxe4 Ke7
61. Kd5
1-0

[Event "2022 Standard Chess Dropout Tournament, Round 1"]
[Site "SchemingMind.com"]
[Date "2021.12.31"]
[Round "1"]
[White "Transcendent"]
[Black "Milan"]
[Result "0-1"]
[WhiteCountry "ENG"]
[BlackCountry "CZE"]
[WhiteElo "1871"]
[WhiteRD "82"]
[BlackElo "2105"]
[BlackRD "131"]
[GameID "718862"]

1. d4 d5 2. c4 e6 3. Nf3 Nf6 4. g3 dxc4 5. Bg2 a6 6. a4 Nc6 7. O-O Rb8 8. Ne5 Nxe5 9. dxe5 Qxd1 10. Rxd1 Nd5
11. Bd2 b6
0-1

[Event "2022 Standard Chess Dropout Tournament, Round 1"]
[Site "SchemingMind.com"]
[Date "2022.01.01"]
[Round "1"]
[White "Ulrich Klapp"]
[Black "Aba"]
[Result "1-0"]
[WhiteCountry "GER"]
[BlackCountry "ISR"]
[WhiteElo "1658"]
[WhiteRD "92"]
[BlackElo "1710"]
[BlackRD "64"]
[GameID "718863"]

1. d4 Nf6 2. c4 g6 3. Nc3 Bg7 4. e4 d6 5. Be2 O-O 6. Nf3 e5 7. O-O Nc6 8. d5 Ne7 9. h3 c6 10. Bg5 h6
11. Be3 a6 12. dxc6 Nxc6 13. Qc2 Bd7 14. Qb3 Rb8 15. Rfd1 Qc7 16. Nd5 Nxd5 17. cxd5 Na5 18. Qb4 b5 19. Rac1 Qd8 20. Qxd6 f6
21. Rc7 Rf7 22. Rdc1 Bf8 23. Qxa6 Nc4 24. Rb7 Ra8 25. Ra7 Rxa7 26. Qxa7 Bc8 27. Qa8 Rc7 28. Bxc4 bxc4 29. Nh4 g5 30. Nf5 Rb7
31. Rc2 Qc7 32. Qa6 Rxb2 33. Rxc4 Bxa6 34. Rxc7 Rxa2 35. Ra7 Ra3 36. d6
1-0

[Event "2022 Standard Chess Dropout Tournament, Round 1"]
[Site "SchemingMind.com"]
[Date "2022.01.01"]
[Round "1"]
[White "Uzi Mike"]
[Black "Transcendent"]
[Result "1-0"]
[WhiteCountry "USA"]
[BlackCountry "ENG"]
[WhiteElo "2233"]
[WhiteRD "95"]
[BlackElo "1871"]
[BlackRD "82"]
[GameID "718865"]

1. e4 e6 2. d4 d5 3. Nc3 Bb4 4. exd5 Qxd5 5. Nf3 Nf6 6. Bd3 b6 7. O-O Bxc3 8. bxc3 Ba6 9. Bxa6 Nxa6 10. Qd3 Nb8
11. Ba3 Nbd7 12. Rfe1 c5 13. c4 Qd6 14. d5 e5 15. Nxe5 Nxe5 16. f4
1-0

[Event "2022 Standard Chess Dropout Tournament, Round 1"]
[Site "SchemingMind.com"]
[Date "2021.12.29"]
[Round "1"]
[White "John C. Walton"]
[Black "Juan Jose Rivas Maceda"]
[Result "1/2-1/2"]
[WhiteCountry "USA"]
[BlackCountry "PER"]
[WhiteElo "2592"]
[WhiteRD "95"]
[BlackElo "2564"]
[BlackRD "100"]
[GameID "718866"]

1. d4 d5 2. c4 e6 3. Nc3 Nf6 4. cxd5 exd5 5. Bg5 c6 6. e3 h6 7. Bh4 Be7 8. Bd3 O-O 9. Nge2 Nbd7 10. Qc2 Re8
11. O-O Ne4 12. Bxe7 Qxe7 13. Bxe4 dxe4 14. Rfd1 f5 15. Rac1 Qf7 16. h3 Nb6 17. d5 Nxd5 18. Nxd5 cxd5 19. Qc5 Be6 20. a4 Qf6
21. Qb4 Re7 22. Rd2 Rf8 23. a5 Rff7 24. Qd4 Qxd4 25. Nxd4 f4 26. b4 g5 27. Ra2 a6 28. Rc5 g4 29. hxg4 Bxg4 30. Rxd5 f3
31. Rc2 fxg2 32. Kxg2 Rf6 33. Ne2 Bxe2 34. Rxe2 b6 35. Red2 Kf7 36. axb6=
1/2-1/2

[Event "2022 Standard Chess Dropout Tournament, Round 1"]
[Site "SchemingMind.com"]
[Date "2021.12.27"]
[Round "1"]
[White "wight knight"]
[Black "echecs"]
[Result "0-1"]
[WhiteCountry "ENG"]
[BlackCountry "ENG"]
[WhiteElo "1247"]
[WhiteRD "67"]
[BlackElo "1864"]
[BlackRD "86"]
[GameID "718867"]

1. e4 e5 2. Bc4 Bc5 3. Qf3 Nf6 4. g4 O-O 5. g5 Ne8 6. h4 Nc6 7. c3 Nd6 8. Bd5 Ne7 9. d4 exd4 10. b4 Bb6
11. a4 dxc3 12. Nxc3 Bd4 13. Bb2 Nxd5 14. exd5 Nc4 15. O-O-O Be5 16. Ne4 Bxb2+ 17. Kc2 Be5 18. h5 Qe7 19. Qb3 Nd6 20. Nxd6 Bxd6
21. Nf3 Qe4+ 22. Qd3 Qxd3+ 23. Rxd3 Bxb4 24. h6 g6 25. Rh4 a5 26. Nd4 d6 27. f4 Bd7 28. Rf3 Bxa4+ 29. Nb3 Rfe8 30. Rh1 Re2+
31. Kd1 Rae8 32. Kc1 Re1+ 33. Rxe1 Rxe1+ 34. Kc2 Re8 35. Kb2 f6 36. gxf6 Kf7 37. f5 Kxf6 38. Nd4 Re4 39. fxg6+ Kxg6 40. Rg3+ Kh5
41. Rh3+ Kg4 42. Rd3 Kh5 43. Rf3 Rxd4
0-1

[Event "2022 Standard Chess Dropout Tournament, Round 1"]
[Site "SchemingMind.com"]
[Date "2022.01.01"]
[Round "1"]
[White "witkatz"]
[Black "Clive Everill"]
[Result "1/2-1/2"]
[WhiteCountry "GER"]
[BlackCountry "CZE"]
[WhiteElo "1803"]
[WhiteRD "77"]
[BlackElo "1640"]
[BlackRD "58"]
[GameID "718868"]

1. e4 e5 2. Nf3 d6 3. g3 g6 4. Bg2 Bg7 5. O-O c5 6. c3 Nc6 7. d3 Nge7 8. Be3 O-O 9. d4 exd4 10. cxd4 Bg4
11. h3 Bd7 12. Nc3 b6 13. Qd2 f5 14. dxc5 dxc5 15. Bg5 Bf6 16. Bxf6 Rxf6 17. e5 Rf8 18. Qh6 Nc8 19. Ng5 Qe7 20. Nd5 Qg7
21. Qxg7+ Kxg7 22. e6 Be8 23. e7 Rh8 24. Ne6+ Kf7 25. Ng5+ Kg7 26. Ne6+ Kf7 27. Ng5+ Kg7 28. Ne6+ Kf7
1/2-1/2

[Event "2022 Standard Chess Dropout Tournament, Round 1"]
[Site "SchemingMind.com"]
[Date "2021.12.27"]
[Round "1"]
[White "zygyzag"]
[Black "southpolarice"]
[Result "1/2-1/2"]
[WhiteCountry "ENG"]
[BlackCountry "AUS"]
[WhiteElo "2015"]
[WhiteRD "139"]
[BlackElo "2041"]
[BlackRD "97"]
[GameID "718870"]

1. d4 Nf6 2. Bg5 d5 3. e3 c5 4. c3 Qb6 5. Qb3 c4 6. Qxb6 axb6 7. Bxf6 exf6 8. Ne2 Be6 9. g3 b5 10. Bg2 Nd7
11. Nf4 Nb6 12. Nd2 f5 13. h4 Be7 14. Nf3 h6 15. h5 O-O 16. Nxe6 fxe6 17. Ne5 Bd6 18. Ng6 Rfe8 19. O-O b4 20. cxb4 Bxb4
21. a3 Bd6 22. Bf3 Ra5 23. Rfb1 Rb5 24. Bd1 Ra8 25. a4 Rb4 26. b3 cxb3 27. Bxb3 Nxa4 28. Bxa4 Raxa4 29. Rxa4 Rxb1+ 30. Kg2 Kf7
31. Ra8 Rb2 32. Rd8 Ba3 33. Rd7+ Kf6 34. Kf3 b5 35. Ne5 Be7 36. Ng6 Ba3 37. Ne5 Be7 38. Ng6=
1/2-1/2

[Event "2022 Standard Chess Dropout Tournament, Round 2"]
[Site "SchemingMind.com"]
[Date "2022.06.24"]
[Round "2"]
[White "Aba"]
[Black "Michael Christensen"]
[Result "0-1"]
[WhiteCountry "ISR"]
[BlackCountry "GER"]
[WhiteElo "1747"]
[WhiteRD "70"]
[BlackElo "1785"]
[BlackRD "86"]
[GameID "724556"]

1. e4 g6 2. d4 Bg7 3. Nf3 d6 4. Be2 Nf6 5. Nc3 O-O 6. O-O c5 7. d5 e6 8. Bd2 exd5 9. exd5 Nbd7 10. Re1 Nb6
11. Bg5 h6 12. Bh4 g5 13. Bg3 Re8 14. h3 Bf5 15. Bb5 Rxe1+ 16. Nxe1 Ne4 17. Qf3 Nxg3 18. Qxg3 Qe7 19. Qf3 Bg6 20. Nd3 a6
21. Ba4 Nc4 22. Re1 Qc7 23. Rb1 b5 24. Bb3 Nd2 25. Qd1 Nxb1 26. Qxb1 c4
0-1

[Event "2022 Standard Chess Dropout Tournament, Round 2"]
[Site "SchemingMind.com"]
[Date "2022.06.20"]
[Round "2"]
[White "Abstract Actuary"]
[Black "Stephen Dunning"]
[Result "0-1"]
[WhiteCountry "USA"]
[BlackCountry "WLS"]
[WhiteElo "1821"]
[WhiteRD "79"]
[BlackElo "1960"]
[BlackRD "75"]
[GameID "724557"]

1. e4 c5 2. d4 cxd4 3. c3 dxc3 4. Nxc3 Nc6 5. Bc4 e6 6. Nf3 a6 7. Bf4 Nge7 8. Bd6 Ng6 9. Bxf8 Nxf8 10. O-O Ng6
11. Qe2 Qc7 12. Rac1 O-O 13. Rfd1 Na5 14. Bd3 Nc6 15. a3 b5 16. Bb1 Bb7 17. b4 d6 18. Ba2 Qe7 19. Nd4 Nce5 20. Qe3 Rac8
21. h3 Nc4 22. Bxc4 Rxc4 23. f3 Rfc8 24. Nde2 d5 25. exd5 exd5 26. Qd2 Rd8 27. Ne4 Rdc8 28. Nc5 R4xc5 29. bxc5 Rxc5 30. Nd4 Rc4
31. Re1 Qxa3 32. Rxc4 dxc4 33. Re8+ Nf8 34. Qg5 Qa1+ 35. Kh2 Qxd4 36. Qe7 Qf4+ 37. Kg1 Qd4+= 38. Kf1 Qd1+ 39. Kf2 h6 40. Rxf8+ Kh7
41. Rxf7 Qd4+ 42. Kg3 Bd5 43. Rf4 Qb6 44. h4 c3 45. Qe2 Qd6 46. Qc2+ Qg6+ 47. Qxg6+ Kxg6 48. h5+ Kh7 49. Rf8 c2 50. Rc8 Bc4
0-1

[Event "2022 Standard Chess Dropout Tournament, Round 2"]
[Site "SchemingMind.com"]
[Date "2022.06.24"]
[Round "2"]
[White "Andrew Burruss"]
[Black "Mike Winslow"]
[Result "0-1"]
[WhiteCountry "USA"]
[BlackCountry "USA"]
[WhiteElo "1416"]
[WhiteRD "128"]
[BlackElo "1974"]
[BlackRD "91"]
[GameID "724558"]

1. e4 d5 2. exd5 Nf6 3. c4 c6 4. Nc3 cxd5 5. d4 Nc6 6. Bg5 e6 7. Nf3 Be7 8. Bd3 dxc4 9. Bxc4 O-O 10. O-O a6
11. a3 b5 12. Bd3 Bb7 13. Re1 h6 14. Bh4 Nd5 15. Bxe7 Ncxe7 16. h3 Rc8 17. Rc1 Rc7 18. Qc2 Nf4 19. Ne2 Rxc2 20. Rxc2 Nxd3
21. Rd1 Bxf3 22. gxf3 Ne5 23. Kg2 Nxf3 24. Ng1 Nxg1 25. Kxg1 Qd5 26. Rc3 Rc8 27. Rxc8+ Nxc8 28. Rc1 Qg5+
0-1

[Event "2022 Standard Chess Dropout Tournament, Round 2"]
[Site "SchemingMind.com"]
[Date "2022.06.20"]
[Round "2"]
[White "Greg Magne"]
[Black "William Lindberg"]
[Result "0-1"]
[WhiteCountry "CAN"]
[BlackCountry "USA"]
[WhiteElo "1787"]
[WhiteRD "82"]
[BlackElo "2404"]
[BlackRD "68"]
[GameID "724559"]

1. Nf3 d5 2. c4 d4 3. d3 Nc6 4. h3 e5 5. Bg5 Qd6 6. Nbd2 h6 7. Bh4 g5 8. Bg3 f5 9. e3 f4 10. exf4 exf4
11. Bh2 Bf5 12. g4 Bg6 13. a3 O-O-O 14. Be2 Kb8 15. O-O Be7 16. Re1 h5 17. b4 hxg4 18. hxg4 Nh6 19. b5 Na5 20. Qa4 Nxg4
21. Qxa5 Nxh2 22. Nxh2 Rxh2 23. Bf3 Rdh8 24. Ne4 Rh1+ 25. Bxh1 Qd7 26. f3 Qh3 27. Bg2 Qh2+ 28. Kf2 g4 29. Rg1 Bxe4 30. fxe4 Qg3+
31. Kf1 Qxd3+ 32. Ke1 Bh4#
0-1

[Event "2022 Standard Chess Dropout Tournament, Round 2"]
[Site "SchemingMind.com"]
[Date "2022.06.20"]
[Round "2"]
[White "Andreas Flato"]
[Black "edg"]
[Result "1-0"]
[WhiteCountry "GER"]
[BlackCountry "USA"]
[WhiteElo "1963"]
[WhiteRD "112"]
[BlackElo "1738"]
[BlackRD "68"]
[GameID "724560"]

1. e4 c5 2. a3 Nc6 3. b4 cxb4 4. axb4 Nxb4 5. c3 Nc6 6. d4 e6 7. d5 exd5 8. exd5 Qe7+ 9. Be2 Ne5 10. Be3 a6
11. Ra4 Nf6 12. Nf3 Nxf3+ 13. Bxf3 d6 14. Qb3 Qd7 15. O-O Be7 16. Re1 O-O 17. Na3 Bd8 18. Bd4 Ne8 19. c4 Nc7 20. Nc2 b5
21. Raa1 bxc4 22. Qxc4 Nb5 23. Bb2 Qc7 24. Qd3 Bg5 25. Nd4 Nxd4 26. Bxd4 Qd8 27. Qb3 Rb8 28. Qxb8 Bf6 29. Bxf6 Qxf6 30. Rac1 Bd7
31. Qa7 Bb5 32. h3 g6 33. Rc7 Qf5 34. Rec1 h5 35. Qb7 Kg7 36. Rc8 Rxc8 37. Rxc8 Qf6 38. Qc7 Qa1+ 39. Qc1 Qxc1+ 40. Rxc1 Kf6
41. Rc7 Kg7 42. Rb7 Kf6 43. Ra7 Kg7 44. Kh2 Kf8 45. Kg3 Kg7 46. Kf4 Kf6 47. h4
1-0

[Event "2022 Standard Chess Dropout Tournament, Round 2"]
[Site "SchemingMind.com"]
[Date "2022.06.24"]
[Round "2"]
[White "Andoni Zabala"]
[Black "FcoRego"]
[Result "1/2-1/2"]
[WhiteCountry "INT"]
[BlackCountry "ESP"]
[WhiteElo "1811"]
[WhiteRD "84"]
[BlackElo "2071"]
[BlackRD "91"]
[GameID "724562"]

1. e4 c5 2. Nf3 Nc6 3. Bb5 d6 4. O-O Bd7 5. Re1 e6 6. c3 Nge7 7. d4 cxd4 8. cxd4 d5 9. Nc3 dxe4 10. Rxe4 a6
11. Ba4 b5 12. Bb3 Na5 13. d5 Nxb3 14. Qxb3 exd5 15. Qxd5 Be6 16. Qh5 Ng6 17. Bg5 Be7 18. Rd1 Qc7 19. Bxe7 Qxe7 20. Ng5 Rd8
21. Rxd8+ Kxd8 22. Nxe6+ fxe6 23. g3 e5 24. Qd1+ Kc8 25. Qd5 Kb8 26. a3 Rd8 27. Qb3 Rd4 28. Qg8+ Nf8 29. Re2 Ka7 30. f4 Nd7
31. Qxh7 Qc5 32. Kf1 exf4 33. Qxg7 fxg3 34. Qxg3 Qc4 35. Ke1 b4 36. axb4 Qxb4 37. Qc7+ Qb7 38. Qxb7+ Kxb7 39. Re4 Rxe4+ 40. Nxe4 Kc6
41. Ke2 Kd5 42. Ke3 Ne5 43. Nc3+ Ke6 44. Ke4 Nc4 45. b4 Ne5 46. Nd5 Ng4 47. h4 Kd6 48. h5 Ne5 49. h6 Nf7 50. Kd4= Nxh6
51. Kc4 Nf7 52. Nc3 Ne5+=
1/2-1/2

[Event "2022 Standard Chess Dropout Tournament, Round 2"]
[Site "SchemingMind.com"]
[Date "2022.06.24"]
[Round "2"]
[White "Arnold Jones"]
[Black "Shanks"]
[Result "1-0"]
[WhiteCountry "ENG"]
[BlackCountry "ENG"]
[WhiteElo "1580"]
[WhiteRD "57"]
[BlackElo "1312"]
[BlackRD "78"]
[GameID "724563"]

1. d4 d5 2. Nf3 Nc6 3. Nc3 Nf6 4. Bf4 e6 5. Nb5 Bb4+ 6. c3 Ba5 7. b4 Bb6 8. a4 a6 9. a5 axb5 10. axb6 Rxa1
11. Qxa1 cxb6 12. Ne5 Ne4 13. Nxc6 bxc6 14. f3 Nf6 15. e3 O-O 16. Bd3 Bd7 17. O-O Kh8 18. Bd6 Re8 19. Be5 Kg8 20. Bxf6 Qxf6
21. Qa6 Qd8 22. Qa2 e5 23. e4 dxe4 24. Bxe4 Be6 25. Qc2 Bc4 26. Bxh7+ Kf8 27. Bd3 Bxd3 28. Qxd3 exd4 29. cxd4 Kg8 30. Rc1 Re6
31. g3 Qd5 32. Ra1 g6 33. Kg2 Kg7 34. Rc1 Rd6 35. Rd1 Qa2+ 36. Rd2 Qd5= 37. g4 g5 38. Kg3 Rg6 39. h3 Qd6+ 40. Kg2 Qxb4
41. d5 cxd5 42. Qxd5 Qb1 43. Qe5+ Kf8 44. Rd8#
1-0

[Event "2022 Standard Chess Dropout Tournament, Round 2"]
[Site "SchemingMind.com"]
[Date "2022.06.19"]
[Round "2"]
[White "Artmagic"]
[Black "Dom P"]
[Result "0-1"]
[WhiteCountry "ENG"]
[BlackCountry "ENG"]
[WhiteElo "939"]
[WhiteRD "128"]
[BlackElo "1471"]
[BlackRD "81"]
[GameID "724564"]

1. e3 d6 2. d3 Nf6 3. Nf3 Bg4 4. Be2 g6 5. O-O Bg7 6. Nc3 O-O 7. Nd4 Qd7 8. Ne4 Be6 9. b3 Nc6 10. Bd2 a6
11. c4 d5 12. Ng5 Nxd4 13. exd4 dxc4 14. Bf3 Qxd4 15. Nxe6 fxe6 16. dxc4 Rad8 17. Bxb7 Qxd2 18. Qxd2 Rxd2 19. Rad1 Rxa2 20. Ra1 Rb2
21. Rxa6 Rxb3 22. Ra8 Rxb7 23. Ra6 Ng4 24. Rxe6 Rb2 25. f3 Bd4+
0-1

[Event "2022 Standard Chess Dropout Tournament, Round 2"]
[Site "SchemingMind.com"]
[Date "2022.06.20"]
[Round "2"]
[White "Ricardo Martinez Puigros"]
[Black "Robert Hatfield"]
[Result "1-0"]
[WhiteCountry "ESP"]
[BlackCountry "USA"]
[WhiteElo "2530"]
[WhiteRD "78"]
[BlackElo "1777"]
[BlackRD "64"]
[GameID "724565"]

1. d4 Nf6 2. c4 e6 3. Nc3 Bb4 4. Qc2 d5 5. a3 Bxc3+ 6. Qxc3 Ne4 7. Qc2 c5 8. dxc5 Nc6 9. Nf3 Qa5+ 10. Bd2 Qxc5
11. e3 Nxd2 12. Nxd2 d4 13. b4 Qe7 14. Be2 dxe3 15. fxe3 O-O 16. O-O Bd7 17. b5 Ne5 18. Qe4 Ng6 19. Qxb7 Rfb8 20. Qe4 e5
21. Qc2 Qc5 22. Qc3 Rxb5 23. Ne4
1-0

[Event "2022 Standard Chess Dropout Tournament, Round 2"]
[Site "SchemingMind.com"]
[Date "2022.06.21"]
[Round "2"]
[White "Austin Lockwood"]
[Black "dpickin"]
[Result "1-0"]
[WhiteCountry "ENG"]
[BlackCountry "ENG"]
[WhiteElo "1809"]
[WhiteRD "123"]
[BlackElo "1575"]
[BlackRD "60"]
[GameID "724566"]

1. e4 c5 2. Nf3 d6 3. d4 Bg4 4. dxc5 Bxf3 5. Qxf3 Qa5+ 6. c3 Qxc5 7. b4 Qe5 8. Bf4 Qf6 9. e5 dxe5 10. Qxb7 exf4
11. Qc8#
1-0